[Event "BUL-chT 70th"]
[Site "Primorsko"]
[Date "2020.09.10"]
[Round "3.1"]
[White "Enchev, Ivajlo"]
[Black "Velikov, Petar"]
[Result "1-0"]
[WhiteElo "2491"]
[BlackElo "2355"]
[PlyCount "83"]
[EventDate "2020.09.09"]
[EventType "team-tourn"]
[EventRounds "7"]
[EventCountry "BUL"]
[SourceTitle "CBM 198 Extra"]
[Source "ChessBase"]
[SourceDate "2020.11.30"]
[SourceVersion "1"]
[SourceVersionDate "2020.11.30"]
[SourceQuality "1"]
[WhiteTeam "Razgrad Abritus"]
[BlackTeam "Dobrich Energiya 21"]
[WhiteTeamCountry "BUL"]
[BlackTeamCountry "BUL"]

1. Nf3 c5 2. c4 Nf6 3. Nc3 e6 4. e3 d5 5. d4 dxc4 6. Bxc4 a6 7. a4 Nc6 8. 0-0 Qc7 9. Qe2 Bd6 10. Rd1 0-0 11. h3 Bd7 12. d5 exd5 13. Nxd5 Nxd5 14. Bxd5 Rad8 15. Bd2 Ne7 16. Bc4 Bc6 17. a5 Ng6 18. Bc3 Qe7 19. Rd2 Bc7 20. Rad1 Rxd2 21. Rxd2 Rd8 22. Rxd8+ Qxd8 23. Qd3 Qxd3 24. Bxd3 f6 25. Nd2 Ne5 26. Be4 Bxe4 27. Nxe4 Nd7 28. f4 Kf7 29. f5 Ke7 30. Kf2 Be5 31. Bxe5 Nxe5 32. Nxc5 Kd6 33. Nxb7+ Kc6 34. Nd8+ Kb5 35. Ne6 g6 36. Nf8 gxf5 37. Nxh7 Nd7 38. h4 Kxa5 39. h5 Kb4 40. h6 Kb3 41. Ng5 Nf8 42. Ne6 1-0

[Event "Thessaloniki Triandria op 12th"]
[Site "Thessaloniki"]
[Date "2019.05.05"]
[Round "9"]
[White "Velikov, Petar"]
[Black "Dimitrov, Radoslav"]
[Result "0-1"]
[WhiteElo "2361"]
[BlackElo "2521"]
[PlyCount "58"]
[EventDate "2019.04.29"]
[EventType "swiss"]
[EventRounds "9"]
[EventCountry "GRE"]
[SourceTitle "CBM 190 Extra"]
[Source "ChessBase"]
[SourceDate "2019.07.15"]
[SourceVersion "1"]
[SourceVersionDate "2019.07.15"]
[SourceQuality "1"]

1. c4 Nf6 2. g3 c6 3. Bg2 d5 4. b3 dxc4 5. Nf3 cxb3 6. Qxb3 Qb6 7. Qc2 Bg4 8. Nc3 Nbd7 9. Rb1 Qa6 10. d4 Bxf3 11. Bxf3 e6 12. 0-0 Be7 13. Qb3 Nb6 14. a4 Nfd5 15. e4 Nxc3 16. Qxc3 Nxa4 17. Qb3 Nb6 18. Be3 0-0 19. Rfc1 Qa3 20. Qc2 Qd6 21. d5 exd5 22. Bxb6 axb6 23. exd5 c5 24. Rb3 Ra5 25. Qc4 Bf6 26. Rcb1 Ra6 27. Kg2 Bd4 28. h4 Ra2 29. Rf1 Rfa8 0-1

[Event "Thessaloniki Triandria op 12th"]
[Site "Thessaloniki"]
[Date "2019.05.01"]
[Round "4"]
[White "Velikov, Petar"]
[Black "Mavrikakis, Georgios"]
[Result "1-0"]
[WhiteElo "2361"]
[BlackElo "2076"]
[PlyCount "115"]
[EventDate "2019.04.29"]
[EventType "swiss"]
[EventRounds "9"]
[EventCountry "GRE"]
[SourceTitle "CBM 190 Extra"]
[Source "ChessBase"]
[SourceDate "2019.07.15"]
[SourceVersion "1"]
[SourceVersionDate "2019.07.15"]
[SourceQuality "1"]

1. Nf3 f5 2. g3 Nf6 3. Bg2 g6 4. b3 Bg7 5. Bb2 d6 6. d4 Ne4 7. 0-0 0-0 8. c4 Nc6 9. Nc3 e6 10. e3 Nxc3 11. Bxc3 a5 12. Rc1 Re8 13. d5 Bxc3 14. Rxc3 Qf6 15. Qd2 Nd8 16. Nd4 e5 17. Nb5 Re7 18. c5 b6 19. cxd6 cxd6 20. Rfc1 Bd7 21. Nc7 Rb8 22. a3 Nf7 23. f4 Kh8 24. Ne6 Bxe6 25. dxe6 Qxe6 26. Bd5 Qf6 27. Rc6 exf4 28. exf4 b5 29. Qc3 Kg7 30. Qxf6+ Kxf6 31. Rc7 Rbe8 32. Rxe7 Rxe7 33. Kf2 Nd8 34. Rc8 Ne6 35. Rc6 Rd7 36. Ke3 Nc7 37. Bf3 Ke7 38. Rb6 d5 39. Kd3 d4 40. Rb7 Kd6 41. b4 a4 42. Bg2 h6 43. Rb6+ Ke7 44. Rxg6 Ne6 45. Rxh6 Kd6 46. Bh3 Rf7 47. Rh5 Rc7 48. Bxf5 Rc3+ 49. Kd2 Nc7 50. Bd3 Rxa3 51. Bxb5 Ra1 52. Bc4 a3 53. Ra5 Rh1 54. Rxa3 Rxh2+ 55. Kd3 Rb2 56. b5 Kc5 57. Ra7 Nxb5 58. Ra5 1-0

[Event "Primorsko op"]
[Site "Primorsko"]
[Date "2018.09.24"]
[Round "9"]
[White "Ivanov, Igor2222"]
[Black "Velikov, Petar"]
[Result "0-1"]
[WhiteElo "1811"]
[BlackElo "2407"]
[PlyCount "96"]
[EventDate "2018.09.16"]
[EventType "swiss"]
[EventRounds "9"]
[EventCountry "BUL"]
[SourceTitle "CBM 186 Extra"]
[Source "ChessBase"]
[SourceDate "2018.08.24"]
[SourceVersion "1"]
[SourceVersionDate "2018.08.24"]
[SourceQuality "1"]

1. c4 c5 2. Nf3 g6 3. g3 Bg7 4. Bg2 Nc6 5. Nc3 Nh6 6. 0-0 Nf5 7. d3 0-0 8. Rb1 b6 9. a3 Bb7 10. Bg5 d6 11. Qc1 Qd7 12. e4 Nfd4 13. Nxd4 Nxd4 14. Qd2 f5 15. Ne2 fxe4 16. Nxd4 cxd4 17. dxe4 Rac8 18. b3 e5 19. Qd3 Bc6 20. a4 Qb7 21. Bd2 Bd7 22. Rfc1 Rf6 23. f4 Bc6 24. fxe5 dxe5 25. Rf1 Rxf1+ 26. Rxf1 Bd7 27. Ra1 a6 28. Bf1 Rf8 29. Bg2 Be6 30. Rf1 Qe7 31. Rxf8+ Bxf8 32. Bf1 Qa3 33. Qc2 Qa1 34. Kf2 Bc5 35. Qd3 Qb2 36. Kg1 Bg4 37. a5 bxa5 38. Bxa5 Qc1 39. b4 Qe1 40. h3 Be6 41. Bc7 Bxb4 42. Bxe5 Bxh3 43. Bxd4 Bxf1 44. Qxf1 Qxg3+ 45. Qg2 Qe1+ 46. Kh2 Bd6+ 47. Kh3 Qd1 48. Qf2 Qh1+ 0-1

[Event "Primorsko op"]
[Site "Primorsko"]
[Date "2016.09.22"]
[Round "5"]
[White "Nikolov, Momchil"]
[Black "Velikov, Petar"]
[Result "1/2-1/2"]
[WhiteElo "2585"]
[BlackElo "2394"]
[PlyCount "83"]
[EventDate "2016.09.18"]
[EventType "swiss"]
[EventRounds "9"]
[EventCountry "BUL"]
[SourceTitle "CBM 174 Extra"]
[Source "ChessBase"]
[SourceDate "2016.10.10"]
[SourceVersion "1"]
[SourceVersionDate "2016.10.10"]
[SourceQuality "1"]

1. e4 c5 2. Nf3 e6 3. d4 cxd4 4. Nxd4 Nc6 5. Nb5 d6 6. c4 Nf6 7. N1c3 a6 8. Na3 b6 9. Be2 Bb7 10. 0-0 Nb8 11. f3 Nbd7 12. Be3 Be7 13. Qd2 0-0 14. Rfd1 Qc7 15. Rac1 Rac8 16. Nc2 Qb8 17. Kh1 Rfe8 18. Bg1 h6 19. a3 Nc5 20. Na1 Bc6 21. b4 Na4 22. Nb3 Nxc3 23. Rxc3 Nd7 24. Nd4 Bb7 25. Rdc1 Red8 26. Be3 Bf6 27. R3c2 Ne5 28. Bf1 Ba8 29. Qf2 Nd7 30. Ne2 Bc6 31. Ng3 Ba4 32. Rd2 Bh4 33. Qe2 b5 34. c5 dxc5 35. bxc5 Ne5 36. Rxd8+ Bxd8 37. Qd2 Nc6 38. Nh5 Ba5 39. Qf2 Qe5 40. g4 Rd8 41. f4 Qc7 42. Qb2 1/2-1/2

[Event "Albena op-A"]
[Site "Albena"]
[Date "2015.06.25"]
[Round "9"]
[White "Velikov, Petar"]
[Black "Atakisi, Umut"]
[Result "1/2-1/2"]
[WhiteElo "2411"]
[BlackElo "2307"]
[PlyCount "32"]
[EventDate "2015.06.17"]
[EventType "swiss"]
[EventRounds "9"]
[EventCountry "BUL"]
[SourceTitle "CBM 167 Extra"]
[Source "ChessBase"]
[SourceDate "2015.09.14"]
[SourceVersion "1"]
[SourceVersionDate "2015.09.14"]
[SourceQuality "1"]

1. c4 g6 2. g3 Bg7 3. Bg2 c5 4. Nc3 Nc6 5. e3 e6 6. Nge2 Nge7 7. 0-0 0-0 8. Nf4 Rb8 9. Rb1 a6 10. d3 b5 11. Ne4 d6 12. b3 e5 13. Nd5 Nxd5 14. cxd5 Ne7 15. Nd2 a5 16. Bb2 Nf5 1/2-1/2

[Event "Albena op-A"]
[Site "Albena"]
[Date "2015.06.22"]
[Round "6"]
[White "Velikov, Petar"]
[Black "Turov, Maxim"]
[Result "0-1"]
[WhiteElo "2411"]
[BlackElo "2601"]
[PlyCount "78"]
[EventDate "2015.06.17"]
[EventType "swiss"]
[EventRounds "9"]
[EventCountry "BUL"]
[SourceTitle "CBM 167 Extra"]
[Source "ChessBase"]
[SourceDate "2015.09.14"]
[SourceVersion "1"]
[SourceVersionDate "2015.09.14"]
[SourceQuality "1"]

1. Nf3 Nf6 2. g3 b5 3. Bg2 Bb7 4. 0-0 e6 5. d4 c5 6. c3 Na6 7. Bg5 Be7 8. Nbd2 0-0 9. e3 h6 10. Bxf6 Bxf6 11. Qe2 b4 12. Rfc1 Rb8 13. Ne1 d5 14. Rab1 c4 15. b3 bxc3 16. Rxc3 Qa5 17. Rcc1 c3 18. Ndf3 Rfc8 19. Nd3 Be7 20. Rc2 Bc6 21. Nfe5 Bb5 22. Qh5 Be8 23. Qg4 Bd6 24. Rbc1 Nb4 25. Nxb4 Bxb4 26. Bf1 Ba3 27. Rd1 Bb2 28. Nd3 Qxa2 29. Nf4 Qxb3 30. Nh5 g6 31. Bd3 Qb7 32. Nf6+ Kg7 33. Qf4 Qe7 34. Ng4 Qg5 35. Qf3 h5 36. Ne5 f6 37. h4 Qh6 38. g4 fxe5 39. dxe5 g5 0-1

[Event "BUL-chT 64th"]
[Site "Sunny Beach"]
[Date "2015.06.03"]
[Round "4.1"]
[White "Georgiev, Kiril"]
[Black "Velikov, Petar"]
[Result "1-0"]
[WhiteElo "2616"]
[BlackElo "2411"]
[PlyCount "57"]
[EventDate "2015.05.31"]
[EventType "team-tourn"]
[EventRounds "7"]
[EventCountry "BUL"]
[SourceTitle "CBM 166 Extra"]
[Source "ChessBase"]
[SourceDate "2015.06.18"]
[SourceVersion "1"]
[SourceVersionDate "2015.06.18"]
[SourceQuality "1"]
[WhiteTeam "Sofia CSKA"]
[BlackTeam "Dobrich Energiya 21"]
[WhiteTeamCountry "BUL"]
[BlackTeamCountry "BUL"]

1. e4 c5 2. Nf3 e6 3. g3 Nc6 4. Bg2 Nf6 5. Qe2 d6 6. 0-0 Be7 7. c3 0-0 8. d4 cxd4 9. cxd4 d5 10. e5 Nd7 11. Nc3 a5 12. Bf4 a4 13. Rac1 Nb6 14. Rfd1 Na5 15. h4 Nbc4 16. Nxa4 Bd7 17. Nc5 Bb5 18. b3 Na3 19. Qb2 Nc6 20. Nxb7 Qb6 21. Nd6 Nb4 22. Ne1 Rfb8 23. Qd2 Ba6 24. Rc5 Bxd6 25. exd6 Rd8 26. Rdc1 Rd7 27. Rc7 Rxd6 28. Bxd6 Qxd6 29. R7c5 1-0

[Event "BUL-chT 64th"]
[Site "Sunny Beach"]
[Date "2015.06.02"]
[Round "3.4"]
[White "Inkiov, Ventzislav"]
[Black "Velikov, Petar"]
[Result "0-1"]
[WhiteElo "2439"]
[BlackElo "2411"]
[PlyCount "66"]
[EventDate "2015.05.31"]
[EventType "team-tourn"]
[EventRounds "7"]
[EventCountry "BUL"]
[SourceTitle "CBM 166 Extra"]
[Source "ChessBase"]
[SourceDate "2015.06.18"]
[SourceVersion "1"]
[SourceVersionDate "2015.06.18"]
[SourceQuality "1"]
[WhiteTeam "Dupnitsa Marek Union"]
[BlackTeam "Dobrich Energiya 21"]
[WhiteTeamCountry "BUL"]
[BlackTeamCountry "BUL"]

1. c4 e5 2. Nc3 Nf6 3. Nf3 Nc6 4. d4 exd4 5. Nxd4 Bb4 6. e3 0-0 7. Be2 Bxc3+ 8. bxc3 Re8 9. 0-0 Ne5 10. f3 d6 11. e4 a6 12. Qc2 c5 13. Nf5 Bxf5 14. exf5 Qe7 15. Bg5 h6 16. Bxf6 Qxf6 17. f4 Nc6 18. Bf3 Re3 19. Rac1 Rae8 20. Qb1 Rxc3 21. Rxc3 Qxc3 22. f6 Qxf6 23. Qxb7 Qd4+ 24. Kh1 Qxc4 25. Rg1 Nb4 26. a3 Nd3 27. g3 Nf2+ 28. Kg2 Qc2 29. Qd7 Re6 30. f5 Re5 31. Rf1 Ng4+ 32. Kh3 Qxh2+ 33. Kxg4 h5+ 0-1

[Event "Albena Masters op"]
[Site "Albena"]
[Date "2014.06.07"]
[Round "7"]
[White "Petrosian, Tigran L"]
[Black "Velikov, Petar"]
[Result "1-0"]
[WhiteElo "2624"]
[BlackElo "2415"]
[PlyCount "35"]
[EventDate "2014.06.01"]
[EventType "swiss"]
[EventRounds "9"]
[EventCountry "BUL"]
[SourceTitle "CBM 160 Extra"]
[Source "ChessBase"]
[SourceDate "2014.07.01"]
[SourceVersion "1"]
[SourceVersionDate "2014.07.01"]
[SourceQuality "1"]

1. Nf3 d5 2. g3 Nf6 3. Bg2 c6 4. c4 dxc4 5. 0-0 Bg4 6. Na3 Qd5 7. Qc2 e5 8. Nxc4 Bxf3 9. Bxf3 e4 10. Bg2 Be7 11. d3 exd3 12. Qb3 Qd7 13. Ne5 Qc7 14. Qxf7+ Kd8 15. Nxd3 Bd6 16. Qb3 Nbd7 17. Rd1 Re8 18. Nf4 1-0

[Event "Albena Masters op"]
[Site "Albena"]
[Date "2014.06.06"]
[Round "6"]
[White "Velikov, Petar"]
[Black "Ninov, Dayan"]
[Result "1-0"]
[WhiteElo "2415"]
[BlackElo "2222"]
[PlyCount "84"]
[EventDate "2014.06.01"]
[EventType "swiss"]
[EventRounds "9"]
[EventCountry "BUL"]
[SourceTitle "CBM 160 Extra"]
[Source "ChessBase"]
[SourceDate "2014.07.01"]
[SourceVersion "1"]
[SourceVersionDate "2014.07.01"]
[SourceQuality "1"]

1. c4 c6 2. g3 d5 3. Qc2 Nf6 4. Bg2 g6 5. b3 Bg7 6. Bb2 0-0 7. d3 Qb6 8. Nd2 Na6 9. Ngf3 Nb4 10. Qb1 a5 11. 0-0 Re8 12. a3 Na6 13. cxd5 cxd5 14. Bd4 Qd6 15. Be5 Qb6 16. Qb2 Bd7 17. Rac1 Rac8 18. Bd4 Qd6 19. Ne5 Nc5 20. Ndf3 Ne6 21. Nxd7 Qxd7 22. Be5 b5 23. Bh3 Rxc1 24. Rxc1 Rc8 25. Rxc8+ Qxc8 26. Nd4 b4 27. axb4 axb4 28. Nxe6 fxe6 29. Qd4 Kf7 30. Qxb4 Nh5 31. Bxg7 Nxg7 32. Qf4+ Kg8 33. b4 Qc3 34. Qb8+ Kf7 35. b5 Nf5 36. Bxf5 gxf5 37. b6 Qe1+ 38. Kg2 Qxe2 39. b7 e5 40. Qh8 e4 41. Qxh7+ Kf6 42. Qh4+ Kf7 1-0

[Event "BUL-chT GpA 63rd"]
[Site "Sunny Beach"]
[Date "2013.09.20"]
[Round "2.2"]
[White "Genov, Petar"]
[Black "Velikov, Petar"]
[Result "1/2-1/2"]
[WhiteElo "2455"]
[BlackElo "2416"]
[PlyCount "60"]
[EventDate "2013.09.19"]
[EventType "team-tourn"]
[EventRounds "7"]
[EventCountry "BUL"]
[SourceTitle "CBM 156 Extra"]
[Source "ChessBase"]
[SourceDate "2013.10.22"]
[SourceVersion "1"]
[SourceVersionDate "2013.10.22"]
[SourceQuality "1"]
[WhiteTeam "Sofia Lokomotiv"]
[BlackTeam "Dobrich Energiya 21"]
[WhiteTeamCountry "BUL"]
[BlackTeamCountry "BUL"]

1. d4 d5 2. Nf3 Nf6 3. c4 c6 4. e3 a6 5. Nc3 b5 6. b3 Bg4 7. Be2 e6 8. 0-0 Be7 9. Bb2 0-0 10. Ne5 Bxe2 11. Nxe2 Nfd7 12. Nxd7 Nxd7 13. cxd5 cxd5 14. Rc1 Qb6 15. Qd3 Rfc8 16. Rxc8+ Rxc8 17. Rc1 Rxc1+ 18. Nxc1 Qc6 19. Qc3 Qxc3 20. Bxc3 Nb8 21. Nd3 Nc6 22. Kf1 Kf8 23. Ke2 Ke8 24. f3 Bd6 25. h3 Ke7 26. Be1 f6 27. Bc3 a5 28. a4 b4 29. Be1 Bc7 30. Bf2 Bb6 1/2-1/2

[Event "BUL-chT GpA 63rd"]
[Site "Sunny Beach"]
[Date "2013.09.19"]
[Round "1.2"]
[White "Velikov, Petar"]
[Black "Nabaty, Tamir"]
[Result "0-1"]
[WhiteElo "2416"]
[BlackElo "2575"]
[PlyCount "51"]
[EventDate "2013.09.19"]
[EventType "team-tourn"]
[EventRounds "7"]
[EventCountry "BUL"]
[SourceTitle "CBM 156 Extra"]
[Source "ChessBase"]
[SourceDate "2013.10.22"]
[SourceVersion "1"]
[SourceVersionDate "2013.10.22"]
[SourceQuality "1"]
[WhiteTeam "Dobrich Energiya 21"]
[BlackTeam "Vidin Nayden Voynov"]
[WhiteTeamCountry "BUL"]
[BlackTeamCountry "BUL"]

1. c4 e5 2. Nc3 Bb4 3. Qc2 Ne7 4. Nf3 Nbc6 5. a3 Bxc3 6. Qxc3 e4 7. Ng5 0-0 8. Nxe4 d5 9. Ng3 dxc4 10. e3 b5 11. d3 Nd5 12. Qc2 Ne5 13. dxc4 bxc4 14. Bxc4 Nxc4 15. Qxc4 a5 16. e4 Nb6 17. Qc3 Ba6 18. f3 f5 19. Be3 f4 20. Bxb6 cxb6 21. Ne2 Rc8 22. Qb3+ Bc4 23. Qd1 Qh4+ 24. Kf1 Rfd8 25. Qe1 Qxe1+ 26. Rxe1 0-1

[Event "FRA-chT Top 12"]
[Site "Haguenau"]
[Date "2013.06.02"]
[Round "4.3"]
[White "Schlosser, Philipp"]
[Black "Velikov, Petar"]
[Result "1-0"]
[WhiteElo "2602"]
[BlackElo "2422"]
[PlyCount "129"]
[EventDate "2013.05.30"]
[EventType "team-tourn"]
[EventRounds "11"]
[EventCountry "FRA"]
[SourceTitle "CBM 154 Extra"]
[Source "ChessBase"]
[SourceDate "2013.06.25"]
[SourceVersion "2"]
[SourceVersionDate "2013.06.25"]
[SourceQuality "1"]
[WhiteTeam "Bischwiller"]
[BlackTeam "Migne Echecs"]
[WhiteTeamCountry "FRA"]
[BlackTeamCountry "FRA"]

1. d4 d5 2. c4 c6 3. Nf3 Nf6 4. e3 Bf5 5. Nc3 e6 6. Nh4 Bg6 7. Be2 Nbd7 8. 0-0 Bd6 9. g3 0-0 10. Nxg6 hxg6 11. Qb3 Rb8 12. Rd1 Qe7 13. Qc2 dxc4 14. Bxc4 Nb6 15. Bb3 Rbc8 16. Ne4 Nxe4 17. Qxe4 Rfd8 18. a3 Nd5 19. Bd2 Nf6 20. Qc2 c5 21. Rac1 c4 22. Ba2 b5 23. f4 Qb7 24. Bb1 Qb6 25. Be1 Be7 26. Qe2 a5 27. Bf2 Qc6 28. e4 b4 29. axb4 axb4 30. g4 c3 31. g5 Nh5 32. Be3 Qd6 33. bxc3 Rxc3 34. Rxc3 bxc3 35. Qf3 Qc6 36. Bc2 Qa8 37. Rb1 Qa2 38. Qf2 Bd6 39. e5 Bf8 40. Be4 Qc4 41. Kg2 Ba3 42. Kf3 Rc8 43. Qc2 Bb2 44. Rd1 Rd8 45. Qe2 Qc7 46. Kf2 Rc8 47. Qc2 Ba3 48. Ra1 Bb2 49. Ra4 Rb8 50. Qd3 Rc8 51. Qc2 Rb8 52. Ra6 Qd7 53. Qa4 Rd8 54. Qxd7 Rxd7 55. Ra4 Rc7 56. Bc2 Rd7 57. Ke2 Rd8 58. Kd3 Rd7 59. Bb3 Kh7 60. Kc2 Kg8 61. Ra8+ Kh7 62. Ba4 Rb7 63. Bc6 Rc7 64. d5 exd5 65. Bxd5 1-0

[Event "FRA-chT Top 12"]
[Site "Haguenau"]
[Date "2013.05.30"]
[Round "1.3"]
[White "Velikov, Petar"]
[Black "Vaisser, Anatoli"]
[Result "1/2-1/2"]
[WhiteElo "2422"]
[BlackElo "2548"]
[PlyCount "132"]
[EventDate "2013.05.30"]
[EventType "team-tourn"]
[EventRounds "11"]
[EventCountry "FRA"]
[SourceTitle "CBM 154 Extra"]
[Source "ChessBase"]
[SourceDate "2013.06.25"]
[SourceVersion "2"]
[SourceVersionDate "2013.06.25"]
[SourceQuality "1"]
[WhiteTeam "Migne Echecs"]
[BlackTeam "Strasbourg"]
[WhiteTeamCountry "FRA"]
[BlackTeamCountry "FRA"]

1. Nf3 Nf6 2. g3 g6 3. Bg2 Bg7 4. c4 d6 5. 0-0 e5 6. Nc3 0-0 7. d3 Nbd7 8. Rb1 a5 9. a3 c6 10. b4 axb4 11. axb4 d5 12. cxd5 cxd5 13. Qb3 d4 14. Na4 b5 15. Nc5 Rb8 16. Nxd7 Nxd7 17. Bg5 Qe8 18. Bd2 Nb6 19. Ng5 Qe7 20. Rfc1 h6 21. Ne4 Be6 22. Qd1 Bd5 23. Ra1 f5 24. Nc5 Qf7 25. Ra5 Bxg2 26. Kxg2 Nd5 27. Qb3 e4 28. Rca1 Nf6 29. Qxf7+ Rxf7 30. Ra8 Rff8 31. Rxb8 Rxb8 32. Ra7 Re8 33. Kf1 Nd5 34. Ra6 e3 35. fxe3 dxe3 36. Be1 Kf7 37. Rd6 Nc7 38. h3 Be5 39. Rc6 Rd8 40. Nb7 Rd7 41. Na5 Ne6 42. Rc8 Rc7 43. Rxc7+ Nxc7 44. Nc6 Bf6 45. Kg2 Ke6 46. Kf3 Kd6 47. Na5 Nd5 48. g4 f4 49. h4 g5 50. hxg5 hxg5 51. Nb3 Bc3 52. Bxc3 Nxc3 53. Nd4 Kd5 54. Nc2 Nb1 55. Kg2 Nd2 56. Na3 f3+ 57. exf3 Kd4 58. Nxb5+ Kxd3 59. Na3 e2 60. Kf2 Nxf3 61. Nc2 Ne5 62. Ke1 Nxg4 63. b5 Ne5 64. b6 Nd7 65. b7 g4 66. Nb4+ Kc4 1/2-1/2

[Event "EU-ch Seniors rap"]
[Site "Plovdiv"]
[Date "2013.03.20"]
[Round "3"]
[White "Grinberg, Iosif P"]
[Black "Velikov, Petar"]
[Result "1/2-1/2"]
[WhiteElo "2165"]
[BlackElo "2417"]
[PlyCount "70"]
[EventDate "2013.03.20"]
[EventType "swiss (rapid)"]
[EventRounds "9"]
[EventCountry "BUL"]
[SourceTitle "EXT 2014"]
[Source "ChessBase"]
[SourceDate "2013.11.20"]
[SourceVersion "1"]
[SourceVersionDate "2013.11.20"]
[SourceQuality "1"]

1. d4 d5 2. Nf3 Nf6 3. c4 dxc4 4. Qa4+ Nbd7 5. Nc3 c6 6. Qxc4 g6 7. g3 Bg7 8. Bg2 0-0 9. 0-0 Nb6 10. Qd3 Be6 11. Rd1 a5 12. e4 Ne8 13. Be3 Nd6 14. Rab1 a4 15. d5 cxd5 16. Nxd5 Nxd5 17. exd5 Bf5 18. Qe2 Bxb1 19. Rxb1 Qa5 20. Bd4 Bxd4 21. Nxd4 Rfe8 22. h4 h5 23. Qd3 Qa6 24. Qd2 Kg7 25. Qf4 Rac8 26. Re1 Qd3 27. Bf1 g5 28. hxg5 Qg6 29. Bh3 Rcd8 30. Bf5 Nxf5 31. Nxf5+ Kf8 32. Nh4 Qg7 33. Nf5 Qg6 34. Nh4 Qg7 35. Nf5 Qg6 1/2-1/2

[Event "EU-ch Seniors rap"]
[Site "Plovdiv"]
[Date "2013.03.20"]
[Round "4"]
[White "Velikov, Petar"]
[Black "Lederman, Leon S"]
[Result "1/2-1/2"]
[WhiteElo "2417"]
[BlackElo "2239"]
[PlyCount "146"]
[EventDate "2013.03.20"]
[EventType "swiss (rapid)"]
[EventRounds "9"]
[EventCountry "BUL"]
[SourceTitle "EXT 2014"]
[Source "ChessBase"]
[SourceDate "2013.11.20"]
[SourceVersion "1"]
[SourceVersionDate "2013.11.20"]
[SourceQuality "1"]

1. c4 c6 2. Nf3 d5 3. d4 Nf6 4. Qc2 e6 5. e3 Nbd7 6. Nc3 a6 7. b3 Bb4 8. Bd2 Qe7 9. Be2 0-0 10. 0-0 e5 11. dxe5 Nxe5 12. cxd5 cxd5 13. Na4 Bxd2 14. Qxd2 Bg4 15. Nxe5 Qxe5 16. h3 Ne4 17. Qd1 Bxe2 18. Qxe2 Rac8 19. Rac1 Rfd8 20. Qd3 b5 21. Nb6 Rb8 22. Rc6 h5 23. Rfc1 h4 24. Qd4 Qf5 25. R1c2 Rd6 26. f3 Rxc6 27. Rxc6 Nf6 28. Qxh4 Re8 29. Qd4 Qb1+ 30. Kh2 Qxa2 31. Rxf6 gxf6 32. Nd7 Re6 33. Nxf6+ Kf8 34. Nxd5 Rg6 35. Nf4 Rh6 36. Qd8+ Kg7 37. Qg5+ Kh7 38. b4 Qd2 39. Qe7 Kg7 40. Qe5+ Kh7 41. Qe4+ Kg7 42. Nd3 Rg6 43. f4 Qc2 44. f5 Rf6 45. Qg4+ Kf8 46. Qg5 Qc7+ 47. Nf4 Qe5 48. e4 Rd6 49. h4 Qxe4 50. f6 Qc4 51. Qe5 Qc7 52. h5 Qd8 53. Kh3 Qxf6 54. Qe4 Rd4 55. Qa8+ Kg7 56. g3 Qf5+ 57. Kh4 Rd2 58. Qh1 Kh6 59. Qg1 Qg5+ 60. Kh3 f5 61. Qb6+ Kh7 62. Qc7+ Kg8 63. Qc8+ Rd8 64. Qe6+ Kf8 65. Qe3 Qg4+ 66. Kh2 Rc8 67. Qd3 Re8 68. h6 Re7 69. Qd8+ Kf7 70. h7 Re2+ 71. Nxe2 Qxe2+ 72. Kg1 Qe1+ 73. Kg2 Qe2+ 1/2-1/2

[Event "EU-ch Seniors 13th"]
[Site "Plovdiv"]
[Date "2013.03.15"]
[Round "5"]
[White "Gruzmann, Boris"]
[Black "Velikov, Petar"]
[Result "0-1"]
[WhiteElo "2284"]
[BlackElo "2417"]
[PlyCount "94"]
[EventDate "2013.03.11"]
[EventType "swiss"]
[EventRounds "9"]
[EventCountry "BUL"]
[SourceTitle "CBM 153 Extra"]
[Source "ChessBase"]
[SourceDate "2013.04.22"]
[SourceVersion "1"]
[SourceVersionDate "2013.04.22"]
[SourceQuality "1"]

1. e4 c5 2. Nf3 e6 3. d4 cxd4 4. Nxd4 a6 5. Bd3 Nf6 6. 0-0 Qc7 7. Kh1 Bc5 8. Nb3 Be7 9. f4 d6 10. c4 b6 11. Nc3 Bb7 12. Qe2 Nbd7 13. Bd2 0-0 14. Rae1 Rad8 15. Bb1 g6 16. Rf3 Ne8 17. Rh3 Bf6 18. Nd1 Rc8 19. Bd3 Bg7 20. Bc3 Nef6 21. Nf2 e5 22. f5 Nh5 23. Rxh5 gxh5 24. Qxh5 f6 25. Re3 Rf7 26. Rh3 Nf8 27. Ng4 b5 28. Nd2 Bc6 29. Bb4 Be8 30. Ne3 a5 31. Nd5 Qd8 32. Ba3 b4 33. b3 bxa3 34. Rg3 Kh8 35. h4 Nd7 36. Nf3 Nc5 37. Bc2 Rb7 38. Qg4 Bc6 39. Ng5 fxg5 40. hxg5 Bxd5 41. exd5 Rcb8 42. Rh3 e4 43. Qh4 Be5 44. f6 Qe8 45. Bd1 Qg6 46. Bg4 Rg8 47. Be6 Qxg5 0-1

[Event "Golden Sands Europe op 1st"]
[Site "Golden Sands"]
[Date "2012.06.08"]
[Round "5"]
[White "Voiska, Margarita"]
[Black "Velikov, Petar"]
[Result "1/2-1/2"]
[WhiteElo "2301"]
[BlackElo "2416"]
[PlyCount "26"]
[EventDate "2012.06.04"]
[EventType "swiss"]
[EventRounds "9"]
[EventCountry "BUL"]
[SourceTitle "CBM 148 Extra"]
[Source "ChessBase"]
[SourceDate "2012.06.22"]
[SourceVersion "1"]
[SourceVersionDate "2012.06.22"]
[SourceQuality "1"]

1. d4 d5 2. c4 c6 3. cxd5 cxd5 4. Nf3 Nc6 5. Nc3 Nf6 6. Bf4 Bf5 7. Rc1 e6 8. e3 Bd6 9. Bxd6 Qxd6 10. Bd3 Bxd3 11. Qxd3 0-0 12. 0-0 Rfc8 13. a3 Ne7 1/2-1/2

[Event "Golden Sands Europe op 1st"]
[Site "Golden Sands"]
[Date "2012.06.05"]
[Round "2"]
[White "Velikov, Petar"]
[Black "Mladenov, Emil"]
[Result "1-0"]
[WhiteElo "2416"]
[BlackElo "2081"]
[PlyCount "137"]
[EventDate "2012.06.04"]
[EventType "swiss"]
[EventRounds "9"]
[EventCountry "BUL"]
[SourceTitle "CBM 148 Extra"]
[Source "ChessBase"]
[SourceDate "2012.06.22"]
[SourceVersion "1"]
[SourceVersionDate "2012.06.22"]
[SourceQuality "1"]

1. c4 e5 2. g3 d6 3. Bg2 Nc6 4. Nc3 Be6 5. Nd5 Qd7 6. e3 Nd8 7. d3 c6 8. Nc3 g6 9. h3 Bg7 10. Nge2 Nf6 11. b3 0-0 12. Ba3 c5 13. Qd2 Rc8 14. Rc1 Re8 15. Nd5 Nc6 16. Bb2 h6 17. Nec3 Nh7 18. Kf1 Rf8 19. Kg1 f5 20. f4 g5 21. Kh2 Nf6 22. Rhf1 Ne7 23. Nxf6+ Bxf6 24. Rce1 Ng6 25. Nd5 Bg7 26. Qe2 gxf4 27. exf4 Rce8 28. Qd2 Kh7 29. fxe5 dxe5 30. Rf2 Kh8 31. Ref1 Bxd5 32. Bxd5 f4 33. g4 b6 34. Qe1 Ne7 35. Be4 Nc6 36. Rd2 Nd4 37. Qh4 Qe7 38. Qxe7 Rxe7 39. Bxd4 exd4 40. Kg2 Be5 41. Kf3 Bf6 42. Rb1 a5 43. a3 Ra7 44. Re2 Be7 45. Bf5 Kg7 46. Rbe1 Bh4 47. Rb1 Be7 48. Re4 Rf6 49. Rbe1 Bd6 50. Re8 a4 51. bxa4 Rxa4 52. R1e6 Rxe6 53. Rxe6 Bf8 54. Rg6+ Kf7 55. Rxb6 Rxa3 56. Kxf4 Ra1 57. Be4 Rf1+ 58. Ke5 Bg7+ 59. Kd5 Bf8 60. h4 Rf6 61. Rb7+ Kg8 62. g5 hxg5 63. hxg5 Ra6 64. Ke5 Ra8 65. Bd5+ Kh8 66. Kf5 Re8 67. Be4 Ra8 68. Bd5 Re8 69. Kg6 1-0